Najwięcej meczów w Realu Madryt - Statystyki

Ogólne statystyki
  • Ten quiz został rozwiązany 946 razy
    144 od ostatniego zresetowania
  • Średni wynik to 4 z 10
Statystyki odpowiedzi
Okres Zawodnik Mecze % Poprawnych
2005–2021 Sergio Ramos 671
87%
1999–2015 Iker Casillas 725
84%
1994–2010 Raúl 741
84%
2009-2023 Karim Benzema 648
77%
1989–2003 Fernando Hierro 601
41%
1964–1979 Pirri 561
27%
1953–1971 Francisco Gento 600
19%
1971–1988 Santillana 645
11%
1983–2001 Manuel Sanchís 710
9%
1973–1989 José Camacho 577
3%
Nie znaleziono quizów pasujących do podanych kryteriów
Rozkład punktacji
Procent ludzi z każdym wynikiem
Percentyl według liczby udzielonych odpowiedzi
Twoja historia wyników
Nie rozwiązałeś tego quizu od ostatniego zresetowania